Кн. 1; Дочь тысячи джэддаков

التفاصيل البيبلوغرافية
Parent link:Дочь тысячи джэддаков: фантастический роман/ Э. Р. Берроуз. Кн. 1.— , 1990-
الملخص:Исключено из фонда НТБ ТПУ
اللغة:الروسية
منشور في: 1990
التنسيق: MixedMaterials كتاب
KOHA link:https://koha.lib.tpu.ru/cgi-bin/koha/opac-detail.pl?biblionumber=82219

MARC

LEADER 00000nam0a2200000 4500
001 82219
005 20231031095609.0
010 |a 5211008693 
020 |a RU  |b 90-25193 
035 |a (RuTPU)RU\TPU\book\88365 
090 |a 82219 
100 |a 20050929d1990 m y0rusy5003 ca 
101 1 |a rus  |c eng 
102 |a RU 
105 |a y z 000ay 
200 1 |a Кн. 1 
210 |d 1990 
215 |a 124,[1] с.  |d 21 см 
333 |a Исключено из фонда НТБ ТПУ 
461 |t Дочь тысячи джэддаков  |o фантастический роман  |o пер. с англ.  |f Э. Р. Берроуз  |v Кн. 1  |d 1990- 
675 |a 82  |z rus 
801 0 |a RU  |b RuMRKP  |c 19950417  |g psbo 
801 1 |a RU  |b 63413507  |c 20050929  |g PSBO 
801 2 |a RU  |b 63413507  |c 20211217  |g PSBO 
942 |c BK